Word Ladder: US World Cup Champs Quiz Stats

 Plays Quiz Updated Jul 30, 2016

Challenge
Share
Tweet
Embed
Score 0/26 Timer 03:00
0 Plays Today
Hint 4-Letter Word % Correct
A place to raise animalsFARM
94.7%
Cause damage toHARM
93.8%
A document to be filled outFORM
93.3%
Show off one's musclesFLEX
90%
Swedish pop bandABBA
89.8%
A military stationFORT
89.4%
Hello, en españolHOLA
89%
A type of type for letteringFONT
87.8%
What is left after you dig and digHOLE
87.6%
Comes before cadabraABRA
87.5%
Ran fromFLED
86.2%
Loving or affectionateFOND
85.5%
Nickelodeon's explorerDORA
84.8%
Hint 4-Letter Word % Correct
Mia, from 1999⚽ HAMM ⚽
82.4%
To repel or ward off, with 'off'FEND
81.9%
Barnyard mealFEED
81.7%
Eastern European danceHORA
80.2%
Wambach, from 2015⚽ ABBY ⚽
76.4%
A variety of flatfishSOLE
72.2%
CompetentlyABLY
69.2%
Morgan, from 2015⚽ ALEX ⚽
67.7%
FriendALLY
65.8%
Hope, from 2015⚽ SOLO ⚽
63.1%
Luminous energyAURA
56.9%
Thickest mater layer of the meningesDURA
55.5%
4th largest city in LebanonALEY
55.1%

Today's Daily Dose

Missing Word
TV HA - HZ

Word Ladder
Nordic Capital

On This Day
January 19th II

You're not logged in!

Compare scores with friends on all Sporcle quizzes.
OR
Log In

You Might Also Like...

Show Comments

Extras

Top Quizzes Today


Score Distribution

Your Account Isn't Verified!

In order to create a playlist on Sporcle, you need to verify the email address you used during registration. Go to your Sporcle Settings to finish the process.

Report this User

Report this user for behavior that violates our Community Guidelines.

Details: